Introducción a Piaget
Na minha lista:
| Autor principal: | |
|---|---|
| Formato: | Livro |
| Idioma: | espanhol |
| Publicado em: |
Madrid
Fundamentos
1978
|
| Edição: | 6a. ed |
| coleção: | Colección Ciencia. Serie Psicología, 1
|
| Assuntos: | |
| Tags: |
Adicionar Tag
Sem tags, seja o primeiro a adicionar uma tag!
|
MARC
| LEADER | 00000cam a2200000 a 4500 | ||
|---|---|---|---|
| 001 | UCG8344 | ||
| 003 | CL-VaPUC | ||
| 008 | 111202e19780000SP |||||||||||||||||spa|d | ||
| 020 | |a 8424500180 | ||
| 082 | 0 | 4 | |a 153.15 |b RIC |2 21 |
| 100 | 0 | |a Richmond, P. G |e author |9 559346 | |
| 245 | 1 | 0 | |a Introducción a Piaget |
| 250 | |a 6a. ed | ||
| 300 | |a 158 p | ||
| 942 | |c BK | ||
| 945 | |d 20111202 00:00:00 |a dcastane | ||
| 260 | |a Madrid |b Fundamentos |c 1978 | ||
| 600 | 0 | 7 | |a PIAGET, JEAN |2 CL-VaPUC |9 308149 |
| 650 | 0 | |a Pensamiento |9 307612 | |
| 650 | 0 | |a Cognición |9 270347 | |
| 650 | 0 | |a Procesos mentales superiores |9 330839 | |
| 650 | 0 | |a Aprendizaje |9 254827 | |
| 650 | 0 | |a Procesos de aprendizaje |9 309161 | |
| 650 | 0 | |a Psicología del niño |9 307305 | |
| 583 | |a last modification |c 20131206 07:53:16 |k Rodrigo Vera | ||
| 490 | 0 | |a Colección Ciencia. Serie Psicología, 1 | |
| 999 | |c 345960 |d 345958 | ||
| 952 | |0 0 |1 0 |4 0 |6 153_150000000000000_RIC_1978 |7 0 |8 P |9 446364 |a BIBEDU |b BIBEDU |c BIBEDU_PB |d 2019-11-22 |i 4805003 |o 153.15 RIC 1978 |p 4805003 |r 2024-01-25 |w 2019-11-22 |y BK |k EPE | ||
| 952 | |0 0 |1 0 |3 erb |4 0 |6 153_150000000000000_RIC_1978 |7 0 |8 P |9 446365 |a BIBEDU |b BIBEDU |c BIBEDU_PB |i 5035236 |o 153.15 RIC 1978 |p 5035236 |r 2024-01-25 |w 2019-11-22 |y BK |z Catalogado en:20131213 |k PSI | ||